Professional nursing in the Philippines / (Record no. 10702)

MARC details
000 -LEADER
fixed length control field 00782nam a22002537a 4500
003 - CONTROL NUMBER IDENTIFIER
control field URS
005 - DATE AND TIME OF LATEST TRANSACTION
control field 20220119172225.0
008 - FIXED-LENGTH DATA ELEMENTS--GENERAL INFORMATION
fixed length control field 200306b ||||| |||| 00| 0 eng d
020 ## - INTERNATIONAL STANDARD BOOK NUMBER
International Standard Book Number 9715843492
040 ## - CATALOGING SOURCE
Language of cataloging English
Transcribing agency URS
Description conventions rda
050 ## - LIBRARY OF CONGRESS CALL NUMBER
Classification number RT82
Item number .V569 2003
100 ## - MAIN ENTRY--PERSONAL NAME
Personal name Venzon, Lydia M.,
Relator term author.
9 (RLIN) 1022
245 ## - TITLE STATEMENT
Title Professional nursing in the Philippines /
Statement of responsibility, etc Lydia M. Venzon, Ronald M. Venzon.
250 ## - EDITION STATEMENT
Edition statement 9th ed.
260 ## - PUBLICATION, DISTRIBUTION, ETC. (IMPRINT)
Place of publication, distribution, etc Quezon City :
Name of publisher, distributor, etc C&E Publishing,
Date of publication, distribution, etc ©2003.
300 ## - PHYSICAL DESCRIPTION
Extent xix, 379 pages ;
Dimensions 22 cm.
336 ## - CONTENT TYPE
Source rdacontent
Content type term text
Content type code txt
337 ## - MEDIA TYPE
Source rdamedia
Media type term unmediated
Media type code n
338 ## - CARRIER TYPE
Source rdacarrier
Carrier type term volume
Carrier type code nc
650 #0 - SUBJECT ADDED ENTRY--TOPICAL TERM
Topical term or geographic name as entry element Nursing.
9 (RLIN) 1023
650 #0 - SUBJECT ADDED ENTRY--TOPICAL TERM
Topical term or geographic name as entry element Nursing
General subdivision Practice
Geographic subdivision Philippines.
9 (RLIN) 1024
650 #0 - SUBJECT ADDED ENTRY--TOPICAL TERM
Topical term or geographic name as entry element Nursing
General subdivision Standards.
9 (RLIN) 1025
942 ## - ADDED ENTRY ELEMENTS (KOHA)
Source of classification or shelving scheme Library of Congress Classification
Koha item type Filipiniana
Holdings
Withdrawn status Lost status Source of classification or shelving scheme Damaged status Not for loan Collection code Home library Current library Shelving location Date acquired Source of acquisition Total Checkouts Full call number Barcode Date last seen Date checked out Copy number Price effective from Koha item type
    Library of Congress Classification     Non-fiction Taytay College Library Taytay College Library New Materials Shelf 03/06/2020 Donation 1 RT82 .V569 2003 URSTAY-4676 06/03/2025 01/13/2025 1 10/30/2020 Filipiniana

University of Rizal System
Email us at univlibservices@urs.edu.ph

Visit our Website www.urs.edu.ph/library